01211cam a2200289Ia 4500001001300000005001700013008004100030020001500071020001800086035003900104040004400143041000800187043001200195245011500207260005600322300001800378490004500396546002200441650005200463650006200515650003800577650005600615650004300671700003000714710004400744776013300788ocn22127223820181123120849.0181122s2008 dcuab b i001 0 eng d z1597820687 a9781597820684 a(OCoLC)221272238z(OCoLC)779891609 aCo-BoUCMbspacSaul NiñodSaul Niño0 aeng acl-----00aCivil society and social movementsbbuilding sustainable democracies in Latin Americacedited by Arthur Domike aWashingtonbInter-American Development Bankc[2008] a413 páginas0 aSpecial publications on development ;v5 aTexto en inglés 7aDemocracia zAmérica LatinavEstudio de casos 7aMovimientos sociales zAmérica LatinavEstudio de casos 7aSociedad civil zAmérica Latina 0aOrganizaciones no gubernamentaleszAmérica Latina 7aMujeres indígenas zAmérica Latina1 aDomike, Arthur L.eeditor2 aInter-American Development Bankeeditor08iOnline version:tCivil society and social movements.dWashington, DC : Inter-American Development Bank, [2008]w(OCoLC)761458223